GATE Computer Science and Information Technology2021/ (Record no. 175228)

MARC details
000 -LEADER
fixed length control field 00633nam a22001697a 4500
005 - DATE AND TIME OF LATEST TRANSACTION
control field 20200818143545.0
010 ## - LCCN (DPL NO)
LC control number ENG-128348
020 ## - INTERNATIONAL STANDARD BOOK NUMBER
Terms of availability 599.00
International Standard Book Number 9789353946692
035 ## - SYSTEM CONTROL NUMBER
System control number EN-111880
037 ## - SOURCE OF ACQUISITION
Source of stock number/acquisition DBAD/PUB
082 ## - DEWEY DECIMAL CLASSIFICATION NUMBER
Classification number 005
245 ## - TITLE STATEMENT
Title GATE Computer Science and Information Technology2021/
Remainder of title Topic-Wise previous years' solved question papers 33 years:
260 ## - PUBLICATION, DISTRIBUTION, ETC. (IMPRINT)
Place of publication, distribution, etc New Delhi
Name of publisher, distributor, etc Pearson
Date of publication, distribution, etc 2021
270 ## - ADDRESS
Address 15th floor,Tower-B,Word Trade Tower,Plot no.1,Block-C sec 16,
City Noida
Postal code 201301
Telephone number 04466540100
Electronic mail address companysecretary.india@pearson.com
300 ## - PHYSICAL DESCRIPTION
Extent various pages.
Dimensions 25cm(pbk)
942 ## - ADDED ENTRY ELEMENTS (KOHA)
Source of classification or shelving scheme Dewey Decimal Classification
Item type English Books
Classification part 005
Call number suffix GAT
Holdings
Withdrawn status Lost status Not for loan Collection code Home library Current library Date acquired Source of acquisition Cost, normal purchase price Full call number Barcode Copy number Cost, replacement price Koha item type
      Non-fiction Ashok Vihar Ashok Vihar 18/08/2020 DBAD/PUB 599.00 005 GAT EN-111880 1 599.00 English Books

© Delhi Public Library
Hit Counter
free hit counter